000 00687cam a2200241 i 4500
001 2281310
003 OSt
005 20180116183009.0
008 790730s1980 nyu 000 1 eng
010 _a 79019161
020 _a0440056500
040 _aDLC
_cDLC
_dDLC
050 0 0 _aPZ4.C6423
_bLas 1980
_aPR6053.L53
082 0 0 _a823/.9/14 CLI 1980
100 1 _aClive, John.
245 1 4 _aThe last Liberator :
_ba novel /
_cby John Clive.
260 _aNew York :
_bDelacorte Press,
_cc1980.
300 _a276 p. ;
_c22 cm.
650 0 _aWorld War, 1939-1945
_xFiction.
655 7 _aWar stories.
_2gsafd
906 _a7
_bcbc
_corignew
_d1
_eocip
_f19
_gy-gencatlg
942 _2ddc
_cBK
999 _c350205
_d350205